|
|
|
|
| LEADER |
00000nam a22000007a 4500 |
| 005 |
20220621214712.0 |
| 007 |
cr|||| |||| |
| 008 |
220621s2021 es |||||s|||| 00||0 spa d |
| 020 |
|
|
|a 978-84-1122-026-2
|
| 035 |
|
|
|a 36144
|
| 040 |
|
|
|a vLex
|
| 090 |
|
|
|c 13449
|d 13449
|
| 100 |
1 |
|
|a Lema An̨̤, Carlos
|
| 245 |
1 |
0 |
|a Los determinantes sociales de la salud
|h [Recurso electrn̤ico] :
|b ms̀ all ̀del derecho a la salud /
|c Carlos Lema An̨̤
|
| 256 |
|
|
|a Servicio en ln̕ea
|
| 260 |
|
|
|a Madrid:
|b Dykinson,
|c 2021
|
| 300 |
|
|
|a 1 recurso electrn̤ico
|
| 506 |
1 |
|
|a Disponible solo en los productos indicados
|d vLex Global
|d vLex Global (Academic Edition, excluding Law Schools)
|d vLex Global (U.S. Academic Edition, Law Schools)
|d vLex Global (U.S. Academic Edition, excluding Law Schools)
|d vLex Global (Academic Edition, Law Schools)
|
| 650 |
0 |
4 |
|a Derecho Militar
|z Espaą
|
| 740 |
0 |
|
|a vLex Libros (Servicio en ln̕ea)
|
| 856 |
4 |
0 |
|u https://app.vlex.com/#/sources/36144
|z Acceso restringido
|
| 942 |
|
|
|c BOOK
|
| 999 |
0 |
|
|a Military Law
|